000 00393nmm a2200145Ia 4500
008 251105s9999||||xx |||||||||||||||||und||
041 _aspa
100 _aHiggins, Kristan
245 0 _aHasta que llegaste
264 _a[Madrid, España] :
_bLibros de Seda,
_c2013
300 _a444 páginas
650 _aRomance
856 _uhttps://public.digitaliapublishing.com/a/88029
942 _cCF
999 _c104703
_d104703